<?xml version="1.0" encoding="UTF-8"?>
<record
    xmlns:xsi="http://www.w3.org/2001/XMLSchema-instance"
    xsi:schemaLocation="http://www.loc.gov/MARC21/slim http://www.loc.gov/standards/marcxml/schema/MARC21slim.xsd"
    xmlns="http://www.loc.gov/MARC21/slim">

  <leader>02673    a2200301   4500</leader>
  <controlfield tag="005">20080912155115.0</controlfield>
  <controlfield tag="008">080912t        xxu||||| |||| 00| 0 hin d</controlfield>
  <datafield tag="010" ind1=" " ind2=" ">
    <subfield code="a">HIN-81543         B-296114-118</subfield>
  </datafield>
  <datafield tag="020" ind1=" " ind2=" ">
    <subfield code="a">819015706x</subfield>
    <subfield code="c">100.00</subfield>
  </datafield>
  <datafield tag="035" ind1=" " ind2=" ">
    <subfield code="a">HN-53889        B-296114-118</subfield>
  </datafield>
  <datafield tag="037" ind1=" " ind2=" ">
    <subfield code="b">&#x92A;&#x941;.&#x92A;&#x94D;&#x930;.&#x905;.&#x92A;&#x94D;&#x930;/&#x92A;&#x94D;&#x930;&#x915;&#x93E;</subfield>
  </datafield>
  <datafield tag="040" ind1=" " ind2=" ">
    <subfield code="a">dpl</subfield>
    <subfield code="b">HIN</subfield>
  </datafield>
  <datafield tag="082" ind1=" " ind2=" ">
    <subfield code="a">920</subfield>
  </datafield>
  <datafield tag="100" ind1=" " ind2=" ">
    <subfield code="a">&#x935;&#x94D;&#x92F;&#x925;&#x93F;&#x924; &#x939;&#x943;&#x926;&#x92F;</subfield>
  </datafield>
  <datafield tag="245" ind1=" " ind2=" ">
    <subfield code="a">&#x906;&#x926;&#x930;&#x94D;&#x936; &#x928;&#x93E;&#x930;&#x93F;&#x92F;&#x93E;&#x902;:&#x92E;&#x940;&#x930;&#x93E;,&#x92A;&#x94D;&#x930;&#x924;&#x93E;&#x92A;&#x92C;&#x93E;&#x932;&#x93E;,&#x926;&#x92F;&#x93E;&#x92C;&#x93E;&#x908;,&#x936;&#x92C;&#x930;&#x940;,&#x938;&#x939;&#x91C;&#x94B; &#x92C;&#x93E;&#x908;,&#x91C;&#x941;&#x917;&#x932;&#x92A;&#x94D;&#x930;&#x93F;&#x92F;&#x93E;/</subfield>
    <subfield code="c">&#x935;&#x94D;&#x92F;&#x925;&#x93F;&#x924; &#x939;&#x943;&#x926;&#x92F;</subfield>
  </datafield>
  <datafield tag="246" ind1=" " ind2=" ">
    <subfield code="a">Aadarsh nariyan</subfield>
    <subfield code="b">by Vyathit Hridey</subfield>
  </datafield>
  <datafield tag="260" ind1=" " ind2=" ">
    <subfield code="a">&#x926;&#x93F;&#x932;&#x94D;&#x932;&#x940;</subfield>
    <subfield code="b">&#x91F;&#x93E;&#x907;&#x92E; &#x92C;&#x941;&#x915;&#x94D;&#x938;</subfield>
    <subfield code="c">2007</subfield>
  </datafield>
  <datafield tag="270" ind1=" " ind2=" ">
    <subfield code="a">512-&#x92C;&#x940;,&#x917;&#x932;&#x940; &#x928;&#x902;.1,&#x935;&#x93F;&#x936;&#x94D;&#x935;&#x93E;&#x938; &#x928;&#x917;&#x930; &#x914;&#x926;&#x94D;&#x92F;&#x94B;&#x917;&#x93F;&#x915; &#x915;&#x94D;&#x937;&#x947;&#x924;&#x94D;&#x930;</subfield>
    <subfield code="b">&#x926;&#x93F;&#x932;&#x94D;&#x932;&#x940;</subfield>
    <subfield code="e">110032</subfield>
  </datafield>
  <datafield tag="300" ind1=" " ind2=" ">
    <subfield code="a">88&#x92A;&#x943;</subfield>
    <subfield code="c">22 &#x938;&#x947;&#x92E;&#x940; (&#x938;&#x91C;&#x93F;&#x932;&#x94D;&#x926;)</subfield>
    <subfield code="b">(&#x938;&#x91A;&#x93F;&#x924;&#x94D;&#x930;)</subfield>
  </datafield>
  <datafield tag="942" ind1=" " ind2=" ">
    <subfield code="a">dpl</subfield>
    <subfield code="c">HN</subfield>
    <subfield code="2">ddc</subfield>
    <subfield code="h">920 </subfield>
    <subfield code="m">&#x935;&#x94D;&#x92F;&#x925;&#x93F;&#x924;</subfield>
  </datafield>
  <datafield tag="999" ind1=" " ind2=" ">
    <subfield code="c">8551</subfield>
    <subfield code="d">8551</subfield>
  </datafield>
  <datafield tag="952" ind1=" " ind2=" ">
    <subfield code="0">0</subfield>
    <subfield code="1">0</subfield>
    <subfield code="4">0</subfield>
    <subfield code="7">0</subfield>
    <subfield code="a">DBAD</subfield>
    <subfield code="b">DBAD</subfield>
    <subfield code="d">2008-09-12</subfield>
    <subfield code="g">100.00</subfield>
    <subfield code="l">0</subfield>
    <subfield code="o">920  &#x935;&#x94D;&#x92F;&#x925;&#x93F;&#x924;</subfield>
    <subfield code="p">HN-53889</subfield>
    <subfield code="r">2008-09-15 00:00:00</subfield>
    <subfield code="t">1</subfield>
    <subfield code="u">9491</subfield>
    <subfield code="v">100.00</subfield>
    <subfield code="w">2008-09-15</subfield>
    <subfield code="y">HN</subfield>
  </datafield>
  <datafield tag="952" ind1=" " ind2=" ">
    <subfield code="0">0</subfield>
    <subfield code="1">0</subfield>
    <subfield code="2">ddc</subfield>
    <subfield code="4">0</subfield>
    <subfield code="7">0</subfield>
    <subfield code="8">NFIC</subfield>
    <subfield code="a">L</subfield>
    <subfield code="b">L</subfield>
    <subfield code="d">2009-04-23</subfield>
    <subfield code="e">&#x91F;&#x93E;&#x907;&#x92E; &#x92C;&#x941;&#x915;&#x94D;&#x938;/161/19.9.08/286/4.9.08/1.10.08</subfield>
    <subfield code="g">100.00</subfield>
    <subfield code="l">1</subfield>
    <subfield code="o">920  &#x935;&#x94D;&#x92F;&#x925;&#x93F;&#x924;</subfield>
    <subfield code="p">B-296114</subfield>
    <subfield code="r">2021-10-16 00:00:00</subfield>
    <subfield code="s">2021-10-01</subfield>
    <subfield code="t">1</subfield>
    <subfield code="v">100.00</subfield>
    <subfield code="w">2009-04-23</subfield>
    <subfield code="y">HN</subfield>
  </datafield>
  <datafield tag="952" ind1=" " ind2=" ">
    <subfield code="0">0</subfield>
    <subfield code="1">0</subfield>
    <subfield code="2">ddc</subfield>
    <subfield code="4">0</subfield>
    <subfield code="7">0</subfield>
    <subfield code="8">NFIC</subfield>
    <subfield code="a">BL1</subfield>
    <subfield code="b">BL1</subfield>
    <subfield code="d">2009-04-23</subfield>
    <subfield code="e">&#x91F;&#x93E;&#x907;&#x92E; &#x92C;&#x941;&#x915;&#x94D;&#x938;/161/19.9.08/286/4.9.08/1.10.08</subfield>
    <subfield code="g">100.00</subfield>
    <subfield code="l">1</subfield>
    <subfield code="o">920  &#x935;&#x94D;&#x92F;&#x925;&#x93F;&#x924;</subfield>
    <subfield code="p">B-296115</subfield>
    <subfield code="r">2019-04-11 00:00:00</subfield>
    <subfield code="s">2019-03-30</subfield>
    <subfield code="t">1</subfield>
    <subfield code="v">100.00</subfield>
    <subfield code="w">2009-04-23</subfield>
    <subfield code="y">HN</subfield>
  </datafield>
  <datafield tag="952" ind1=" " ind2=" ">
    <subfield code="0">0</subfield>
    <subfield code="1">0</subfield>
    <subfield code="2">ddc</subfield>
    <subfield code="4">0</subfield>
    <subfield code="7">0</subfield>
    <subfield code="8">NFIC</subfield>
    <subfield code="a">ZLS</subfield>
    <subfield code="b">ZLS</subfield>
    <subfield code="d">2009-04-23</subfield>
    <subfield code="e">&#x91F;&#x93E;&#x907;&#x92E; &#x92C;&#x941;&#x915;&#x94D;&#x938;/161/19.9.08/286/4.9.08/1.10.08</subfield>
    <subfield code="g">100.00</subfield>
    <subfield code="l">0</subfield>
    <subfield code="o">920  &#x935;&#x94D;&#x92F;&#x925;&#x93F;&#x924;</subfield>
    <subfield code="p">B-296116</subfield>
    <subfield code="r">2009-04-23 00:00:00</subfield>
    <subfield code="t">1</subfield>
    <subfield code="v">100.00</subfield>
    <subfield code="w">2009-04-23</subfield>
    <subfield code="y">HN</subfield>
  </datafield>
  <datafield tag="952" ind1=" " ind2=" ">
    <subfield code="0">0</subfield>
    <subfield code="1">0</subfield>
    <subfield code="2">ddc</subfield>
    <subfield code="4">0</subfield>
    <subfield code="7">0</subfield>
    <subfield code="8">NFIC</subfield>
    <subfield code="a">BL3</subfield>
    <subfield code="b">BL3</subfield>
    <subfield code="d">2009-04-23</subfield>
    <subfield code="e">&#x91F;&#x93E;&#x907;&#x92E; &#x92C;&#x941;&#x915;&#x94D;&#x938;/161/19.9.08/286/4.9.08/1.10.08</subfield>
    <subfield code="g">100.00</subfield>
    <subfield code="l">0</subfield>
    <subfield code="o">920  &#x935;&#x94D;&#x92F;&#x925;&#x93F;&#x924;</subfield>
    <subfield code="p">B-296117</subfield>
    <subfield code="r">2009-04-23 00:00:00</subfield>
    <subfield code="t">1</subfield>
    <subfield code="v">100.00</subfield>
    <subfield code="w">2009-04-23</subfield>
    <subfield code="y">HN</subfield>
  </datafield>
  <datafield tag="952" ind1=" " ind2=" ">
    <subfield code="0">0</subfield>
    <subfield code="1">0</subfield>
    <subfield code="2">ddc</subfield>
    <subfield code="4">0</subfield>
    <subfield code="7">0</subfield>
    <subfield code="8">NFIC</subfield>
    <subfield code="a">BL4</subfield>
    <subfield code="b">BL4</subfield>
    <subfield code="d">2009-04-23</subfield>
    <subfield code="e">&#x91F;&#x93E;&#x907;&#x92E; &#x92C;&#x941;&#x915;&#x94D;&#x938;/161/19.9.08/286/4.9.08/1.10.08</subfield>
    <subfield code="g">100.00</subfield>
    <subfield code="l">0</subfield>
    <subfield code="o">920  &#x935;&#x94D;&#x92F;&#x925;&#x93F;&#x924;</subfield>
    <subfield code="p">B-296118</subfield>
    <subfield code="r">2009-04-23 00:00:00</subfield>
    <subfield code="t">1</subfield>
    <subfield code="v">100.00</subfield>
    <subfield code="w">2009-04-23</subfield>
    <subfield code="y">HN</subfield>
  </datafield>
</record>
